000 00712nam a2200193 i 4500
001 187806
003 ES-MaACL
005 20240416102842.0
008 180301s1959 sp |||| | spa d
100 1 _aChejov, Anton Pavlovich.
_938315
245 1 0 _aTeatro completo /
_cAnton Chejov ; versión directa del ruso por E. Podgursky ; adaptación... de "Platonov" por Salvador Bordoy ; prólogo de Jesús López Pacheco.
260 _aMadrid :
_bAguilar,
_c1959.
300 _a1126 p., 1 lám. :
_bil. ;
_c14 cm.
700 0 _aPodgursky, E.
_992711
700 1 _aBordoy Luque, Salvador.
_930424
700 1 _aLópez Pacheco, Jesús,
_d1930-1997
_973855
852 _aES-MaACL
_jP-156
999 _c187806
_d187806